|
|
|
|
| LEADER |
00000cam a2200000 a 4500 |
| 001 |
vtls001125081 |
| 003 |
SK-MaSNL |
| 005 |
20260301062822.0 |
| 008 |
250414s1987 xo obl grn 00000 slo |
| 015 |
|
|
|a SNBA1987/08
|
| 020 |
|
|
|q (brož.)
|
| 035 |
|
|
|a SNK000067930
|
| 040 |
|
|
|a SNK
|b slo
|c SNK
|e AACR2
|
| 041 |
0 |
|
|a slo
|b rus
|b eng
|
| 044 |
|
|
|a xo
|c SK
|
| 072 |
|
7 |
|a 902
|x Archeológia
|2 konspekt
|
| 072 |
|
7 |
|a 550
|x Geofyzika. Geochémia. Geobiológia. Užitá geológia
|2 konspekt
|
| 072 |
|
7 |
|a 08
|x Súborné diela
|2 konspekt
|
| 080 |
|
|
|a 902(082)
|2 1981
|
| 080 |
|
|
|a 902
|2 2011
|
| 080 |
|
|
|a 550.3
|2 2011
|
| 080 |
|
|
|a 902:5
|2 2001
|
| 080 |
|
|
|a (082)
|2 2011
|
| 245 |
0 |
0 |
|a Archeológia - geofyzika - archeometria
|b 5. celoštátne sympózium Nové Vozokany, 12.-17. apríla 1986
|
| 250 |
|
|
|a 1. vyd.
|
| 260 |
|
|
|a Nitra
|b Archeologický ústav SAV
|c 1987
|
| 300 |
|
|
|a 260 s.
|b fotogr., mp., sch., tb.
|c 29 cm
|
| 366 |
|
|
|e 400 výtl.
|
| 490 |
1 |
|
|a Acta interdisciplinaria archaeologica
|v t. 5
|
| 504 |
|
|
|a Bibliografia
|
| 546 |
|
|
|a Resumé ruské a anglické
|
| 650 |
0 |
7 |
|a archeológia
|2 SNKPH
|9 4974
|
| 650 |
0 |
7 |
|a geofyzika
|2 SNKPH
|9 1220
|
| 650 |
0 |
7 |
|a archeometria
|2 SNKPH
|9 108991
|
| 655 |
|
7 |
|a zborníky
|2 SNKPH
|9 70165
|
| 830 |
|
0 |
|a Acta interdisciplinaria archaeologica
|9 368946
|
| 852 |
|
|
|a Slovenská národná knižnica
|
| 954 |
|
|
|a odborná, vedecká literatúra pôvodná (slovenská)
|2 lita
|
| 958 |
|
|
|a NB
|
| 958 |
|
|
|a RK
|
| 958 |
|
|
|a OND
|
| 958 |
|
|
|a TL
|
| 999 |
|
|
|c 622005
|d 623935
|
| 952 |
|
|
|a SNK
|b SNK
|y PREZ
|7 0
|p 17A0843678
|o snkSB 43027
|i snkKSP 2355/88
|0 0
|1 0
|4 0
|d 2012-07-04
|f 1
|l 0
|r 2025-05-09 00:00:00
|w 2026-02-23
|
| 952 |
|
|
|a SNK
|b SNK
|y VYP
|7 0
|p 17A0199224
|o snkSB 43027 D1
|i snkKSP 2356/88
|0 0
|1 0
|4 0
|d 1996-03-25
|l 0
|r 2004-12-31 00:00:00
|w 2026-02-23
|